[Event "Arab-ch U16"]
[Site "Hammamet"]
[Date "2018.10.28"]
[Round "1.2"]
[White "Karmel, Jalghoum"]
[Black "Al Hosani, Omran"]
[Result "1-0"]
[WhiteElo "1726"]
[BlackElo "2127"]
[PlyCount "105"]
[EventDate "2018.10.28"]
[EventType "swiss"]
[EventRounds "9"]
[EventCountry "TUN"]
[SourceTitle "EXT 2024"]
[Source "ChessBase"]
[SourceDate "2023.10.10"]
[SourceVersion "1"]
[SourceVersionDate "2023.10.10"]
[SourceQuality "1"]

1. c4 Nf6 2. g3 d5 3. Bg2 dxc4 4. Qa4+ Bd7 5. Qxc4 Bc6 6. Nf3 e6 7. Nc3 Nbd7 8. 0-0 Be7 9. b3 Nb6 10. Qd4 Qxd4 11. Nxd4 Bxg2 12. Kxg2 0-0-0 13. Nf3 Nfd7 14. Bb2 Bf6 15. Rac1 Kb8 16. d4 c6 17. Ne4 Be7 18. Neg5 Rdf8 19. d5 Bf6 20. Ba3 c5 21. dxe6 fxe6 22. Nxe6 Re8 23. Nf4 g5 24. Nh5 g4 25. Ng1 Bg5 26. Rc2 Rc8 27. h3 c4 28. hxg4 cxb3 29. Rxc8+ Rxc8 30. axb3 Rc3 31. Bd6+ Kc8 32. Nf3 Bc1 33. e4 Bh6 34. e5 Bf8 35. Bxf8 Nxf8 36. Nd4 Rd3 37. Nf5 Rxb3 38. f4 a5 39. Nd6+ Kb8 40. f5 a4 41. e6 Nd5 42. Rc1 a3 43. Nf4 Rb2+ 44. Kf3 Rb3+ 45. Kg2 Rb2+ 46. Kh3 Nxf4+ 47. gxf4 Re2 48. Rc8+ Ka7 49. Nb5+ Kb6 50. Nxa3 Nxe6 51. Nc4+ Ka6 52. fxe6 Rxe6 53. f5 1-0